楽天イーグルスで4番経験ある?ない?クイズ - Statistics

General Stats
  • This quiz has been taken 116 times
  • The average score is 4 of 15
Answers on the Grid
Answers color-coded by a green-red scale on the quiz's grid according to % correct below.
山﨑武司
浅村栄斗
枡田慎太郎
銀次
平石洋介
横川史学
伊志嶺忠
嶋基宏
西田哲朗
鉄平
オコエ瑠偉
クリス・ギッテンス
内田靖人
中川大志
ホセ・マルモレホス
オコエ・ディクソン
ケビン・ユーキリス
渡辺直人
宮出隆自
後藤光尊
今江年晶
ジョン・ボウカー
高須洋介
礒部公一
岩見雅紀
リック・ショート
ブランドン・ディクソン
岡島豪郎
伊藤裕季也
岩村明憲
 
Answer Stats
Answer % Correct
山﨑武司
78%
浅村栄斗
78%
今江年晶
35%
銀次
33%
鉄平
22%
リック・ショート
21%
伊藤裕季也
21%
岡島豪郎
19%
岩村明憲
16%
枡田慎太郎
10%
中川大志
10%
ジョン・ボウカー
10%
後藤光尊
8%
西田哲朗
5%
オコエ・ディクソン
5%
No matching quizzes found
Score Distribution
Percent of People with Each Score
Percentile by Number Answered
Your Score History
You have not taken this quiz